000 00771nam a22002297a 4500
005 20231130144807.0
010 _aENG-138496
020 _a9789393330567
_c525.00
035 _aEN-122028
037 _aDBAD/PUB
082 _a574
_2First
100 _aJha, Abhimanyu
_959263
245 _aBiology Foundation For Class IX/
_cBy Abhimanyu Jha; Archana Awasthi and Mahek Sharen
250 _aFIrst
260 _aHyderabad
_bUniversities Press
_c2024
270 _a3-6-747/1/A & 3-6-754/1 Himayatnagar
_bHyderbad
_e500029
300 _avpp.
_b26cm(pbk)
_cill.
500 _a Includes bibliographical references and index
700 _dAwasthi, Archana
_aAuthor
_959259
700 _d Sharen, Mahek
_aAuthor
_959264
942 _2ddc
_cEN
_mJHA
_h574
_eFirst
999 _c199338
_d199338